2017/18 New Orleans Pelicans Roster - Statistics

General Stats
  • This quiz has been taken 73 times
  • The average score is 5 of 15
Answer Stats
Position Player % Correct
C Anthony Davis
96%
G Jrue Holiday
83%
C DeMarcus Cousins
79%
G Rajon Rondo
48%
G E'Twaun Moore
37%
C Omer Asik
33%
F Solomon Hill
33%
C Alexis Ajinca
25%
F Dante Cunningham
25%
G Frank Jackson
21%
F Quincy Pondexter
21%
F Cheick Diallo
19%
G Jordan Crawford
10%
G Quinn Cook
6%
G Axel Toupane
2%
No matching quizzes found
Score Distribution
Percent of People with Each Score
Percentile by Number Answered
Your Score History
You have not taken this quiz